000 00252nam a22001217a 4500
008 170608b xxu||||| |||| 00| 0 eng d
041 _aeng
080 _a32
100 _a18
101 _aSHP
245 _aMARINE ALGAE
_cTAYLOR, W.R
942 _2udc
_cBK
999 _c16470
_d16470